COMPARATIVE LAW (Record no. 9908)

MARC details
000 -LEADER
fixed length control field 00359nam a22001577a 4500
003 - CONTROL NUMBER IDENTIFIER
control field OSt
005 - DATE AND TIME OF LATEST TRANSACTION
control field 20211006104618.0
008 - FIXED-LENGTH DATA ELEMENTS--GENERAL INFORMATION
fixed length control field 211006b |||||||| |||| 00| 0 eng d
020 ## - INTERNATIONAL STANDARD BOOK NUMBER
International Standard Book Number 0882776150
040 ## - CATALOGING SOURCE
Original cataloging agency HU
Transcribing agency DDC
082 ## - DEWEY DECIMAL CLASSIFICATION NUMBER
Classification number 340.2
245 ## - TITLE STATEMENT
Title COMPARATIVE LAW
260 ## - PUBLICATION, DISTRIBUTION, ETC.
Place of publication, distribution, etc. AMERICA
Name of publisher, distributor, etc. FOUNDATION
Date of publication, distribution, etc. 1988
300 ## - PHYSICAL DESCRIPTION
Extent xix,898,P,40CM
942 ## - ADDED ENTRY ELEMENTS (KOHA)
Source of classification or shelving scheme Dewey Decimal Classification
Koha item type Books like text book referance book
Suppress in OPAC No
Holdings
Withdrawn status Lost status Source of classification or shelving scheme Damaged status Not for loan Home library Current library Shelving location Date acquired Total Checkouts Full call number Barcode Date last seen Copy number Price effective from Koha item type
    Dewey Decimal Classification     Law & Governance lLbrary Law & Governance lLbrary General Stacks 10/06/2021   340.2/COM LGCLIB0000657 10/06/2021 C1 10/06/2021 Books like text book referance book